00161nam a2200061Ia 4500008004100000100002000041245003800061120527s9999 xx 000 0 und d aBartley, Howard aBeginning experimental psychology